Las damas más inteligentes del siglo XVI / (Record no. 190773)

MARC details
000 -LEADER
campo de control de longitud fija 01172nam a2200289 i 4500
001 - NÚMERO DE CONTROL
campo de control 190773
003 - IDENTIFICADOR DE NÚMERO DE CONTROL
campo de control ES-MaACL
005 - FECHA Y HORA DE LA ÚLTIMA TRANSACCIÓN
campo de control 20251001145409.0
008 - DATOS DE LONGITUD FIJA--INFORMACIÓN GENERAL
campo de control de longitud fija 220704s2019 sp a 001 0cspa
020 ## - NÚMERO INTERNACIONAL ESTÁNDAR DEL LIBRO
Número Internacional Estándar del Libro 978-84-949354-8-0
080 ## - NÚMERO DE LA CLASIFICACIÓN DECIMAL UNIVERSAL
Número de la Clasificación Decimal Universal 929 Austria, Margarita de
080 ## - NÚMERO DE LA CLASIFICACIÓN DECIMAL UNIVERSAL
Número de la Clasificación Decimal Universal 929 Anne de Bretagne
080 ## - NÚMERO DE LA CLASIFICACIÓN DECIMAL UNIVERSAL
Número de la Clasificación Decimal Universal 929 Saboya, Luisa de
080 ## - NÚMERO DE LA CLASIFICACIÓN DECIMAL UNIVERSAL
Número de la Clasificación Decimal Universal 929 Catalina de Aragón
100 1# - ENTRADA PRINCIPAL--NOMBRE DE PERSONA
Nombre de persona Márquez de la Plata, Vicenta María.
9 (RLIN) 77021
245 14 - MENCIÓN DEL TÍTULO
Título Las damas más inteligentes del siglo XVI /
Mención de responsabilidad, etc. Vicenta Márquez de la Plata.
260 ## - PUBLICACIÓN, DISTRIBUCIÓN, ETC.
Lugar de publicación, distribución, etc. [Madrid] :
Nombre del editor, distribuidor, etc. Ediciones Casiopea,
Fecha de publicación, distribución, etc. [2019]
300 ## - DESCRIPCIÓN FÍSICA
Extensión 274 p. :
Otras características físicas il. ;
Dimensiones 21 cm.
504 ## - NOTA DE BIBLIOGRAFÍA, ETC.
Nota de bibliografía, etc. Referencias bibliográficas.
600 14 - PUNTO DE ACCESO ADICIONAL DE MATERIA--NOMBRE DE PERSONA
Nombre de persona Austria, Margarita de,
Títulos y otros términos asociados al nombre Regente de los Países Bajos,
Fechas asociadas al nombre 1480-1530
9 (RLIN) 156233
600 04 - PUNTO DE ACCESO ADICIONAL DE MATERIA--NOMBRE DE PERSONA
Nombre de persona Anne de Bretagne,
Títulos y otros términos asociados al nombre reine de France,
Fechas asociadas al nombre 1477-1514
9 (RLIN) 174773
600 14 - PUNTO DE ACCESO ADICIONAL DE MATERIA--NOMBRE DE PERSONA
Nombre de persona Saboya, Luisa de,
Títulos y otros términos asociados al nombre Duquesa de Angulema,
Fechas asociadas al nombre 1476-1531
9 (RLIN) 174774
600 07 - PUNTO DE ACCESO ADICIONAL DE MATERIA--NOMBRE DE PERSONA
Nombre de persona Catalina de Aragón,
Títulos y otros términos asociados al nombre Reina consorte de Enrique VIII, Rey de Inglaterra,
Fechas asociadas al nombre 1485-1536
Fuente del encabezamiento o término
9 (RLIN) 138769
852 4# - LOCALIZACIÓN
Ubicación ES-MaACL
Número de control de estantería A-14992
itemnumber 197955
Sublocalización o colección R.153335
Ubicación en estantería Depósito 1
Signatura antigua Olim: N-7992
Donativo/Legado Donación: Editorial
942 ## - ELEMENTOS DE ENTRADA SECUNDARIOS (KOHA)
Fuente del sistema de clasificación o colocación Clasificación decimal universal
Holdings
Estatus retirado Estado de pérdida Fuente del sistema de clasificación o colocación Estado de daño No para préstamo Biblioteca de origen Biblioteca actual Ubicación en estantería Fecha de adquisición Fuente de adquisición Total de préstamos Signatura topográfica completa Código de barras Visto por última vez Precio de reemplazo Tipo de ítem Koha
    Clasificación decimal universal     Biblioteca del Ateneo de Madrid Biblioteca del Ateneo de Madrid Depósito 1 04/07/2022 Donación   A-14992 1203042 23/02/2023 23/02/2023 Libro impreso